000 01938nam0a2200349 i 4500
001 RU\NLR\BIBL_A\011577687
005 20241114203705.0
010 _a9785001091066
_9100
021 _aRU
_b2017-94918
_96813
035 _a(NLR Aleph) 011577687
090 _a10829996
_c10829996
100 _a20180110d2017 u y0rusy50 ca
101 0 _arus
102 _aRU
105 _aa|||j|||000yy
200 1 _aЗадачи вступительных экзаменов по математике в Филиал МГУ имени М.В. Ломоносова в г. Севастополе
_e[учебно-методическое пособие]
_fФилиал Московского государственного университета имени М.В. Ломоносова в г. Севастополе
_gсоставители: С.Ю. Артамонов, А.Б. Будак
205 _a3-е изд., испр. и доп.
210 _aУфа
_cАЭТЕРНА
_d2017
215 _a172 с.
_cил.
_d19
300 _aНа обл. авт.: С.Ю. Артамонов, А.Б. Будак
320 _aБиблиогр.: с. 171-172 (12 назв.)
601 0 2 _aМГУ им. М. В. Ломоносова
_bФилиал
_cСевастополь, город
_jУчебно-методические пособия
_xЭкзамены вступительные
_92353373
_3RU\NLR\AUTH\6601628636
606 1 _aМатематика
_jЗадачники
_9922118
_3RU\NLR\AUTH\6619329
606 _aМатематика
_jУчебно-методические пособия
_xЭкзамены вступительные
_92353377
_3RU\NLR\AUTH\6601628638
686 1 _aВ10я729-4
686 1 _aЧ481.442.19я7
686 1 _aЧ486.24-442.19я7
711 0 2 _aМГУ им. М. В. Ломоносова
_bФилиал
_cСевастополь
_9576812
_3RU\NLR\AUTH\880456802
942 _cBOOK
980 _aNBR